Alhué

Uloženo v:
Podrobná bibliografie
Hlavní autor: González Vera, José Santos (Autor)
Médium: Kniha
Jazyk:španělština
Vydáno: Santiago Cruz del Sur 1946
Edice:Autores Chilenos
Témata:
Tagy: Přidat tag
Žádné tagy, Buďte první, kdo vytvoří štítek k tomuto záznamu!

MARC

LEADER 00000nam a2200000 a 4500
001 UCG1747
003 CL-VaPUC
008 100520e19460000CL |||||||||||||||||spa|d
082 0 4 |a Ch863  |b GON  |2 21 
100 0 |a González Vera, José Santos  |e author  |9 321193 
245 1 0 |a Alhué 
300 |a 146 p 
942 |c BK 
945 |d 20100520 00:00:00  |a rbrito 
260 |a Santiago  |b Cruz del Sur  |c 1946 
650 0 |a Novelas chilenas   |9 265425 
583 |a last modification  |c 20100520 00:00:00  |k Rodrigo Vera 
490 0 |a Autores Chilenos 
999 |c 341010  |d 341008 
952 |0 0  |1 0  |4 0  |6 CH_863_000000000000000_GON_1946  |7 0  |8 X  |9 436223  |a FDOBUD  |b FDOBUD  |d 2019-11-22  |i 4635140  |o Ch863 GON 1946  |p 4635140  |r 2019-11-22  |w 2019-11-22  |y BK_X  |k BUD